|
|
|
|
| LEADER |
00000cam a2200000 7i4500 |
| 001 |
0000036498 |
| 005 |
20070623093000.0 |
| 008 |
021119s1998 |
| 020 |
|
|
|a 983625935X
|
| 090 |
0 |
0 |
|a P371
|b .E612 1998
|
| 240 |
0 |
0 |
|a The World's major languages
|l [Bahasa Malaysia]
|
| 245 |
0 |
0 |
|a Ensiklopedia bahasa utama dunia
|c [editor, Bernard Comrie]
|
| 260 |
2 |
|
|a Kuala Lumpur :
|b Dewan Bahasa dan Pustaka ,
|c 1998
|
| 300 |
|
|
|a xxxi, 568 p. ; ;
|c 29 cm.
|
| 501 |
|
|
|a Terjemahan: The world's major languages
|
| 504 |
|
|
|a Includes bibliographical references
|
| 650 |
|
0 |
|a Language and languages
|
| 700 |
0 |
|
|a Comrie, Bernard ,
|d 1947- ,
|e author
|
| 999 |
|
|
|a 1000079876
|b Book
|c Reference
|e Gong Badak Campus
|